Wappen von Fußballvereinen die blau enthalten - Statistiken

Allgemein
  • Dieses Quiz wurde 115 mal gespielt
  • Das Durchschnittsergebnis liegt bei 15 aus 20
Antwortstatistiken
Liga Verein % Korrekt
2.Bundesliga Karlsruher SC
97%
2.Bundesliga FC Schalke 04
95%
Bundesliga FC Bayern München
89%
3.Liga TSG 1899 Hoffenheim II
87%
Bundesliga TSG Hoffenheim
87%
2.Bundesliga Hertha BSC
86%
Bundesliga Hamburger SV
84%
2.Bundesliga VfL Bochum
79%
Bundesliga FC Heidenheim
78%
2.Bundesliga Arminia Bielefeld
75%
2.Bundesliga FC Magdeburg
70%
2.Bundesliga Holstein Kiel
70%
2.Bundesliga SC Paderborn 07
70%
2.Bundesliga SV Darmstadt 98
67%
3.Liga MSV Duisburg
64%
3.Liga Hansa Rostock
60%
2.Bundesliga Eintracht Braunschweig
58%
3.Liga SV Waldhof Mannheim 07
55%
3.Liga FC Saarbrücken
45%
3.Liga FC Erzgebirge Aue
40%
Keine übereinstimmenden Quizze gefunden
Verteilung der Resultate
Anzahl Personen mit jedem Resultat
Perzentil nach korrekt beantworteten Fragen
Ihre Resultats-Entwicklung
Sie haben dieses Quiz noch nicht gespielt